00443nam a2200145Ia 4500003000400000008004100004040001600045082001600061100002600077245011000103260004200213300001000255650001200265650002000277GCL140319s9999 xx 000 0 eng d aGCL / cGCL04a746.39bS W1 aSTONE-MILLER, REBECCA10aTO WEAVE FOR THE SUN: ANCIENT ANDIAN TEXTILES IN THE MUSEUM OF FIVE ART, BOSTON / cSTONE-MILLER, REBECCA a[S.N] : bTHAMES AND HUDSON ، c1992 a271 P04aTEXTILE04aANDIAN TEXTILES